Które sypkie artykuły spożywcze są zazwyczaj sprzedawane w torebkach? - Statystyki

Ogólne statystyki
  • Ten quiz został rozwiązany 11 razy
  • Średni wynik to 4 z 7
Statystyki odpowiedzi
Hint Odpowiedź % Poprawnych
1. cukier
100%
4. mąka
82%
2. ryż
82%
6. sól
82%
5. makaron
45%
3. kasza manna
27%
7. herbata
18%
Nie znaleziono quizów pasujących do podanych kryteriów
Rozkład punktacji
Procent ludzi z każdym wynikiem
Percentyl według liczby udzielonych odpowiedzi
Twoja historia wyników
Nie rozwiązałeś tego quizu